Cáceres 2016 (Record no. 176629)

MARC details
000 -LEADER
campo de control de longitud fija 01400nam a2200301 i 4500
001 - NÚMERO DE CONTROL
campo de control 176629
003 - IDENTIFICADOR DE NÚMERO DE CONTROL
campo de control ES-MaACL
005 - FECHA Y HORA DE LA ÚLTIMA TRANSACCIÓN
campo de control 20250308193616.0
008 - DATOS DE LONGITUD FIJA--INFORMACIÓN GENERAL
campo de control de longitud fija 110127s2010 sp ao |||| | spa d
080 ## - NÚMERO DE LA CLASIFICACIÓN DECIMAL UNIVERSAL
Número de la Clasificación Decimal Universal 75.036(460.251 C.)(083.824)
245 00 - MENCIÓN DEL TÍTULO
Título Cáceres 2016
Resto del título : miradas [exposición] /
Mención de responsabilidad, etc. [Juan Carlos Blanco Sánchez ... et al. ; selección poética, Esteban Cortijo, traducida al portugués por Mercedes Nevado ; fotografías para el catálogo y portada, Juan Carlos Blanco Sánchez].
260 ## - PUBLICACIÓN, DISTRIBUCIÓN, ETC.
Lugar de publicación, distribución, etc. [Cáceres :
Nombre del editor, distribuidor, etc. Ateneo de Cáceres :
-- Consorcio de Cáceres 2016,
Fecha de publicación, distribución, etc. 2010?]
300 ## - DESCRIPCIÓN FÍSICA
Extensión 35 p. :
Otras características físicas il. col. , fot. col. ;
Dimensiones 15 cm.
500 ## - NOTA GENERAL
Nota general Tít. tomado de cub.
500 ## - NOTA GENERAL
Nota general En el Ateneo de Madrid (c/ Prado, 21) del 2 al 15 de noviembre, 2010. Inauguración: viernes 5 de noviembre a las 19,30 por Dña. Carmen Heras, alcaldesa de Cáceres.
546 ## - NOTA DE IDIOMA
Nota de lengua/lenguaje Texto en español y portugués.
610 24 - PUNTO DE ACCESO ADICIONAL DE MATERIA--NOMBRE DE ENTIDAD CORPORATIVA
Nombre de entidad corporativa o nombre de jurisdicción como elemento de entrada Ateneo de Madrid-
Subdivisión de forma Exposiciones-
Subdivisión cronológica 2010-2019.
9 (RLIN) 144911
651 #4 - PUNTO DE ACCESO ADICIONAL DE MATERIA--NOMBRE GEOGRÁFICO
Nombre geográfico Cáceres-
Subdivisión general En el arte-
Subdivisión de forma Exposiciones.
9 (RLIN) 144905
655 #7 - TERMINO DE INDIZACIÓN--GENERO/FORMA
Fuente del término tgfbne
9 (RLIN) 193628
Datos o término principal de género/forma Catálogos de exposiciones
700 1# - ENTRADA AGREGADA--NOMBRE PERSONAL
Nombre de persona Blanco Sánchez, Juan Carlos.
9 (RLIN) 144903
700 0# - ENTRADA AGREGADA--NOMBRE PERSONAL
Nombre de persona Cortijo, Esteban
Fechas asociadas al nombre 1952-
9 (RLIN) 238058
700 1# - ENTRADA AGREGADA--NOMBRE PERSONAL
Nombre de persona Nevado, Mercedes.
9 (RLIN) 144904
710 2# - ENTRADA AGREGADA--NOMBRE DE ENTIDAD CORPORATIVA
Nombre de entidad corporativa o nombre de jurisdicción como elemento de entrada Ateneo de Cáceres.
9 (RLIN) 1859
710 2# - ENTRADA AGREGADA--NOMBRE DE ENTIDAD CORPORATIVA
Nombre de entidad corporativa o nombre de jurisdicción como elemento de entrada Ateneo de Madrid.
9 (RLIN) 1875
852 ## - LOCALIZACIÓN
Ubicación ES-MaACL
Número de control de estantería 2270-F-18
942 ## - ELEMENTOS DE ENTRADA SECUNDARIOS (KOHA)
Fuente del sistema de clasificación o colocación Clasificación decimal universal
Holdings
Estatus retirado Estado de pérdida Fuente del sistema de clasificación o colocación Estado de daño No para préstamo Colección Biblioteca de origen Biblioteca actual Ubicación en estantería Fecha de adquisición Total de préstamos Signatura topográfica completa Código de barras Visto por última vez Precio de reemplazo Tipo de ítem Koha
    Clasificación decimal universal     Colección de folletos Biblioteca del Ateneo de Madrid Biblioteca del Ateneo de Madrid Depósito folletos 27/01/2011   2270-F-18 1185490 23/02/2023 23/02/2023 Folleto